000 00536nam a2200205Ia 4500
999 _c5619
_d5619
003 0100
008 130227s9999 xx 000 0 und d
040 _cARRUPELIB
050 _aGE195.H39 2002
100 _aHay, Peter
_936069
245 _aMain currents in Western environmental thought
260 _bIndiana University Press
_aBloomington
_c2002
300 _ax
300 _b 400p. 24cm.
650 _bEnvironmentalism
_x Philosophy
_936070
650 _bGreen movement
_94995
650 _bEcology
_xPhilosophy
_918756
650 _cGreat Britain - Politics - 18th century
_936071
942 _2lcc
_cMONOGRAPH